|
|
|
|
| LEADER |
00000cam a2200000 7i4500 |
| 001 |
0000000263 |
| 005 |
20000726.0 |
| 020 |
0 |
0 |
|a 0813390206
|
| 090 |
0 |
0 |
|a 338.959
|b JOM 1997
|
| 100 |
0 |
0 |
|a Jomo
|h K. S [
|q (Jomo Kwame Sundaram)]
|
| 245 |
1 |
0 |
|a Southeast Asia's misunderstood miracle :
|b Industrial policy and economic development in Thailand, Malaysia and Indonesia
|c Jomo K.S. with Chen Yun Chung ... [et al.]
|
| 260 |
0 |
0 |
|a Boulder, Colo., USA :
|b Westview Press ,
|c 1997
|
| 300 |
|
|
|a xiv, 196 p. :
|b ill. ;
|c 24 cm.
|
| 650 |
0 |
0 |
|a Industrial policy
|z Asia, Southeastern
|
| 651 |
0 |
0 |
|a Asia, Southeastern
|x Economic conditions
|
| 651 |
0 |
0 |
|a Asia, Southeastern
|x Economic policy
|
| 700 |
0 |
1 |
|a Ch`en
|h Yün-chung
|
| 999 |
|
|
|a 0000001417
|b Monograph
|c Open Shelf
|e Default branch
|
| 999 |
|
|
|a 0000001418
|b Monograph
|c Open Shelf
|e Default branch
|